000 02369nkc a2200361za 4500
001 84462
003 OSt
005 20260318150116.0
007 kh boc
008 250410s19101911sp ||||| ||||||0| i|spa d
040 _cM-RABA
_aM-RABA
_bspa
100 1 _aElorza, Lorenzo
_d(1861-1931)
_9111068
245 1 0 _aGardélegui
_b: Puerta
_c/ L. E.
260 _c[ca. 1910 – 1911]
300 _a1 fotografía
_b: gelatina de plata
_c; imagen 12 x 16,5 cm
_c; soporte secundario 21,5 x 26,5 cm
500 _aVista de la portada de la iglesia parroquial de San Pedro en Gardélegui, formada por arco apuntado con arquivoltas baquetonadas sin decoración y una sencilla linea de imposta. En un lateral figura Federico Baraibar.
500 _aFotografía montada sobre soporte secundario de cartulina azul enmarcada con orla en relieve. Título y numeración manuscrita que hace referencia a la posición en la serie “81”.
500 _aSello con monograma del fotógrafo en tinta roja “L.E.”
500 _aFechas tomadas de la ejecución del positivo de las fotografías, incluido el soporte secundario. (Soto Madrazo, Javier. 2008).
500 _aForma parte de un conjunto de 167 fotografías empleadas por Federico Baráibar Zumárraga para la elaboración del Inventario del Románico en Álava (1911).
504 _aBaraibar, F.: "Rincones artísticos", M. 1914.
505 _aGardélegui.- Puerta. / L. E.
510 _aDescripción tomada de: Soto Madrazo, Javier (2008). Federico Baraibar y el Inventario del Románico en Álava: una caja con 167 fotografías.
510 _aEsta colección fue utilizada posteriormente por Cristóbal de Castro para la elaboración y publicación del "Catálogo Monumental de España: provincia de Álava", Madrid, S. de Rivadeneira, 1915.
561 _aDonadas junto con la memoria manuscrita a la Academia por el mismo Baraibar (Sesión 12 de febrero de 1912, Archivo: 4-32-1)
610 2 0 _aIglesia de San Pedro (Gardélegui)
_9111619
651 7 _aÁlava
_2embne
_975661
655 7 _aFotografía de arquitectura.
_954127
700 1 _aBaráibar y Zumárraga, Federico
_d(1851-1918)
_912926
852 _jFot-190
856 _3Fot-190
_uhttps://archivoybiblioteca.realacademiabellasartessanfernando.com/cgi-bin/koha/opac-retrieve-file.pl?id=b80e04602c3fe59be9a44f384f0390f1
942 _2ddc
_cFOTOGRAFÍA
_n0
999 _c84462
_d84462